Illegal trade in environmentally sensitive goods

Saved in:
書目詳細資料
Corporate Authors: Organisation for Economic Co-operation and Development, ProQuest (Firm)
格式: 電子 電子書
語言:英语
出版: Paris : OECD, c2012.
叢編:OECD trade policy studies,
主題:
在線閱讀:Click to View
標簽: 添加標簽
沒有標簽, 成為第一個標記此記錄!

MARC

LEADER 00000nam a2200000Ia 4500
001 EBC1057625
003 MiAaPQ
005 20250214125433.0
006 m o d |
007 cr cnu||||||||
008 121005s2012 fr a ob i000 0 eng d
020 |a 9789264174238  |q (electronic bk.) 
020 |z 9789264174221  |q (print) 
035 |a (MiAaPQ)EBC1057625 
035 |a (Au-PeEL)EBL1057625 
035 |a (CaPaEBR)ebr10619505 
035 |a (OCoLC)812452679 
040 |a MiAaPQ  |b eng  |e rda  |e pn  |c MiAaPQ  |d MiAaPQ 
050 4 |a HF1379  |b .I454 2012 
245 0 0 |a Illegal trade in environmentally sensitive goods  |h [electronic resource]. 
260 |a Paris :  |b OECD,  |c c2012. 
300 |a 143 p. :  |b ill. 
440 0 |a OECD trade policy studies,  |x 1990-1534 
504 |a Includes bibliographical references. 
590 |a Electronic reproduction. Ann Arbor, MI : ProQuest, 2018. Available via World Wide Web. Access may be limited to ProQuest affiliated libraries. 
650 0 |a International trade  |x Corrupt practices. 
650 0 |a International trade  |x Environmental aspects. 
655 4 |a Electronic books. 
710 2 |a Organisation for Economic Co-operation and Development. 
710 2 |a ProQuest (Firm) 
797 2 |a ProQuest (Firm) 
856 4 0 |u http://ebookcentral.proquest.com/lib/daystar-ebooks/detail.action?docID=1057625  |z Click to View 
999 |c 239366  |d 239365